Welcome to CU Library Online Public Access Catalogue (OPAC)

Essentials of sociology / (Record no. 4656)

MARC details
000 -LEADER
fixed length control field 00730cam a22002294a 4500
001 - CONTROL NUMBER
control field 14022741
005 - DATE AND TIME OF LATEST TRANSACTION
control field 20250310132856.0
008 - FIXED-LENGTH DATA ELEMENTS--GENERAL INFORMATION
fixed length control field 050701s2006 nyua b 001 0 eng
020 ## - INTERNATIONAL STANDARD BOOK NUMBER
International Standard Book Number 0393927741 (pbk.)
020 ## - INTERNATIONAL STANDARD BOOK NUMBER
International Standard Book Number 9780393927740
050 00 - LIBRARY OF CONGRESS CALL NUMBER
Classification number HM585
Item number .G52 2006
082 00 - DEWEY DECIMAL CLASSIFICATION NUMBER
Classification number 301
Edition information 22
100 1# - MAIN ENTRY--PERSONAL NAME
Personal name Giddens, Anthony.
245 10 - TITLE STATEMENT
Title Essentials of sociology /
Statement of responsibility, etc. Anthony Giddens, Mitchell Duneier, Richard P. Appelbaum.
260 ## - PUBLICATION, DISTRIBUTION, ETC.
Place of publication, distribution, etc. New York :
Name of publisher, distributor, etc. Norton,
Date of publication, distribution, etc. c2006.
300 ## - PHYSICAL DESCRIPTION
Extent xviii, 476, [32] p. :
Other physical details col. ill. ;
Dimensions 28 cm.
650 #0 - SUBJECT ADDED ENTRY--TOPICAL TERM
Topical term or geographic name entry element Sociology.
700 1# - ADDED ENTRY--PERSONAL NAME
Personal name Duneier, Mitchell.
700 1# - ADDED ENTRY--PERSONAL NAME
Personal name Appelbaum, Richard P.
856 41 - ELECTRONIC LOCATION AND ACCESS
Materials specified Table of contents
Uniform Resource Identifier <a href="http://www.loc.gov/catdir/toc/fy0601/2005048244.html">http://www.loc.gov/catdir/toc/fy0601/2005048244.html</a>
942 ## - ADDED ENTRY ELEMENTS (KOHA)
Source of classification or shelving scheme Library of Congress Classification
Koha item type Books
Suppress in OPAC No
999 ## -
-- 4656
-- 4656
Holdings
Withdrawn status Lost status Source of classification or shelving scheme Damaged status Not for loan Collection Home library Current library Shelving location Date acquired Total checkouts Full call number Barcode Date last seen Copy number Price effective from Koha item type
    Library of Congress Classification     Non-fiction Business Library (Miotso) Business Library (Miotso) General stacks 03/10/2025   HM585 .G52 2006 BSSM00001314 03/10/2025 1 03/10/2025 Books
    Library of Congress Classification     Non-fiction Business Library (Miotso) Business Library (Miotso) General stacks 03/10/2025   HM585 .G52 2006 BSSM00001315 03/10/2025 2 03/10/2025 Books
    Library of Congress Classification     Non-fiction Business Library (Miotso) Business Library (Miotso) General stacks 03/10/2025   HM585 .G52 2006 BSSM00001316 03/10/2025 3 03/10/2025 Books
    Library of Congress Classification     Non-fiction Business Library (Miotso) Business Library (Miotso) General stacks 03/10/2025   HM585 .G52 2006 BSSM00001317 03/10/2025 4 03/10/2025 Books
    Library of Congress Classification     Non-fiction Business Library (Miotso) Business Library (Miotso) General stacks 03/14/2025   HM585 .G52 2006 BSSM00001381 03/14/2025 5 03/14/2025 Books
    Library of Congress Classification     Non-fiction Graduate Library (Christ Temple) Graduate Library (Christ Temple) General stacks 05/08/2026   HM 585.G52 GID GSCT00003420 05/08/2026 1 05/08/2026 Books
© 2023-2024 Copyright: Central University Libraries. All Rights Reserved | Created by: Mahone Tech Office